20 biggest cities in Belgium by population - Statistics

General Stats
  • This quiz has been taken 25 times
  • The average score is 12 of 20
Answer Stats
Population City % Correct
1,235,192 Brussel/Bruxelles
100%
118,187 Bruges/Brugge
91%
259,083 Gent/Gand
91%
197,885 Liège/Luik
91%
201,256 Charleroi
87%
520,504 Antwerpen/Anvers
78%
110,628 Namur/Namen
70%
65,986 Genk
65%
100,291 Leuven/Louvain
61%
85,665 Mechelen/Malines
61%
95,220 Mons/Bergen
61%
70,994 Oostende/Ostende
61%
75,736 Kortrijk/Courtrai
52%
77,124 Hasselt
48%
84,859 Aalst/Alost
39%
80,719 La Louvière
30%
69,493 Tournai/Doornik
30%
61,657 Roeselare/Roulers
26%
76,028 Sint-Niklaas/Saint-Nicolas
22%
64,157 Seraing
4%
No matching quizzes found
Score Distribution
Percent of People with Each Score
Percentile by Number Answered
Your Score History
You have not taken this quiz